[Event "Biel MTO 2013"]
[Site "Biel SUI"]
[Date "2013.07.26"]
[Round "5.8"]
[White "Cvitan, Ognjen"]
[Black "Hausrath, Daniel"]
[Result "1/2-1/2"]
[WhiteTitle "GM"]
[BlackTitle "IM"]
[WhiteElo "2562"]
[BlackElo "2516"]
[WhiteFideId "14500086"]
[BlackFideId "4617495"]
[EventDate "2013.07.22"]

1. d4 Nf6 2. c4 g6 3. Nc3 Bg7 4. e4 d6 5. Nf3 O-O 6. Be2 c5 7. O-O cxd4 8. Nxd4
Nc6 9. Be3 Bd7 10. Nc2 a5 11. f3 Nb4 12. Na3 Bc6 13. Qd2 Nd7 14. Rfd1 Nc5 15.
Nab5 b6 16. Rab1 Nba6 17. b3 Nc7 18. Nd4 Bb7 19. a3 N7e6 20. Ndb5 Nc7 21. b4
axb4 22. axb4 Nxb5 23. Nxb5 Ne6 24. Nc3 Be5 25. Nd5 Bxd5 26. cxd5 Ng7 27. f4 Bf6
28. Rbc1 Ra3 29. Rc6 Qa8 30. Bxb6 Qa4 31. Rdc1 Ra2 32. R6c2 Rxc2 33. Rxc2 Rb8
34. Be3 h5 35. Rc4 Qb3 36. b5 Kh7 37. Rc1 Ne8 38. Qd3 Rxb5 39. Qxb3 1/2-1/2

[Event "Biel MTO 2013"]
[Site "Biel SUI"]
[Date "2013.07.26"]
[Round "5.9"]
[White "Schiendorfer, Emanuel"]
[Black "Zhao, Xue"]
[Result "0-1"]
[WhiteTitle "FM"]
[BlackTitle "GM"]
[WhiteElo "2392"]
[BlackElo "2553"]
[WhiteFideId "1309889"]
[BlackFideId "8601283"]
[EventDate "2013.07.22"]

1. d4 Nf6 2. c4 e6 3. Nf3 b6 4. g3 Ba6 5. b3 Bb4+ 6. Bd2 Be7 7. Nc3 d5 8. cxd5
exd5 9. Bg2 c5 10. O-O Nbd7 11. Bf4 Bb7 12. Rc1 O-O 13. Qd2 Ne4 14. Qb2 Bf6 15.
Rfd1 Qe7 16. Be3 Rfd8 17. Qb1 Nf8 18. Na4 Rac8 19. Bh3 Ne6 20. Bxe6 fxe6 21. Ne5
Bxe5 22. dxe5 d4 23. f3 dxe3 24. fxe4 Rd2 25. Nc3 Qg5 26. Rf1 Qxe5 27. Rf3 a6
28. Qa1 Rcd8 29. Rcf1 b5 30. Qc1 Bc6 31. Nd5 Qd6 32. Rxe3 Rd4 33. Nc3 b4 34. e5
Qd7 35. Na4 Rd1 36. Rxd1 Qxd1+ 37. Qxd1 Rxd1+ 38. Kf2 c4 39. Nc3 bxc3 40. Rxc3
cxb3 41. axb3 Bd5 42. b4 Rb1 43. Ra3 Bc4 0-1

[Event "Biel MTO 2013"]
[Site "Biel SUI"]
[Date "2013.07.26"]
[Round "5.10"]
[White "Bu, Xiangzhi"]
[Black "Meins, Gerlef"]
[Result "1-0"]
[WhiteTitle "GM"]
[BlackTitle "IM"]
[WhiteElo "2664"]
[BlackElo "2474"]
[WhiteFideId "8601445"]
[BlackFideId "4620895"]
[EventDate "2013.07.22"]

1. c4 e6 2. Nc3 Bb4 3. Nf3 Nf6 4. Qc2 O-O 5. a3 Bxc3 6. Qxc3 d6 7. e3 b6 8. Be2
Bb7 9. O-O a5 10. b3 Nbd7 11. Bb2 e5 12. d4 Ne4 13. Qc2 Ng5 14. Ne1 exd4 15.
exd4 d5 16. c5 bxc5 17. dxc5 Ba6 18. Nd3 c6 19. Rfe1 Re8 20. Bg4 Ne6 21. Ne5
Nxe5 22. Rxe5 Nf4 23. Bf5 g6 24. Rxe8+ Qxe8 25. Kh1 gxf5 26. Qxf5 Ne6 27. Re1
Kf8 28. Bf6 1-0

[Event "Biel MTO 2013"]
[Site "Biel SUI"]
[Date "2013.07.26"]
[Round "5.12"]
[White "Sukandar, Irine Kharisma"]
[Black "Saric, Ante"]
[Result "0-1"]
[WhiteTitle "WGM"]
[BlackTitle "GM"]
[WhiteElo "2365"]
[BlackElo "2565"]
[WhiteFideId "7101937"]
[BlackFideId "14506254"]
[EventDate "2013.07.22"]

1. e4 e6 2. d4 d5 3. Nc3 Nf6 4. Bg5 dxe4 5. Nxe4 Be7 6. Bxf6 gxf6 7. Nf3 f5 8.
Ned2 c5 9. Bb5+ Bd7 10. Qe2 Bxb5 11. Qxb5+ Qd7 12. Qc4 cxd4 13. Ne5 Qd6 14. Ndf3
Qb4+ 15. Qxb4 Bxb4+ 16. Ke2 Bc5 17. a4 a6 18. Rhd1 f6 19. Nd3 Ba7 20. Nf4 Kf7
21. c3 e5 22. Nd5 Nc6 23. Nh4 Rhd8 24. c4 Na5 25. b3 Nxb3 26. Rab1 Na5 27. Nxf5
Rac8 28. Rdc1 Rd7 29. Kd3 Nxc4 30. Rxc4 e4+ 31. Kxe4 Rxc4 32. Rxb7 Rxb7 33. Nd6+
Ke6 0-1

[Event "Biel MTO 2013"]
[Site "Biel SUI"]
[Date "2013.07.26"]
[Round "5.13"]
[White "Malakhatko, Vadim"]
[Black "Braun, Christian2"]
[Result "1-0"]
[WhiteTitle "GM"]
[BlackTitle "IM"]
[WhiteElo "2529"]
[BlackElo "2360"]
[WhiteFideId "14104202"]
[BlackFideId "4692098"]
[EventDate "2013.07.22"]

1. d4 g6 2. c4 Bg7 3. Nc3 d6 4. Nf3 Nf6 5. e4 O-O 6. Be2 e5 7. O-O Nbd7 8. Qc2
Re8 9. Rd1 Qe7 10. d5 h5 11. Bg5 Nf8 12. b4 N8h7 13. Bd2 Rf8 14. Ng5 Ne8 15.
Nxh7 Kxh7 16. Rac1 f5 17. exf5 gxf5 18. Bxh5 Qh4 19. Bxe8 Rxe8 20. Nb5 Rg8 21.
Nxc7 e4 22. g3 Be5 23. Bc3 Bxc3 24. Qxc3 f4 25. Ne6 Bxe6 26. dxe6 e3 27. Qc2+
Kh8 28. Rxd6 exf2+ 29. Qxf2 fxg3 30. Qd4+ Qxd4+ 31. Rxd4 gxh2+ 32. Kxh2 Rg6 33.
Re1 Kg7 34. Rd7+ Kg8 35. Rg1 1-0

[Event "Biel MTO 2013"]
[Site "Biel SUI"]
[Date "2013.07.26"]
[Round "5.14"]
[White "Botta, Gabriele"]
[Black "Sebenik, Matej"]
[Result "1/2-1/2"]
[WhiteTitle "FM"]
[BlackTitle "GM"]
[WhiteElo "2319"]
[BlackElo "2511"]
[WhiteFideId "1312120"]
[BlackFideId "14602296"]
[EventDate "2013.07.22"]

1. e4 e6 2. d4 d5 3. Nd2 Nf6 4. e5 Nfd7 5. Bd3 c5 6. c3 Nc6 7. Ne2 cxd4 8. cxd4
f6 9. exf6 Nxf6 10. Nf3 Qc7 11. O-O Bd6 12. Bd2 O-O 13. Rc1 Bd7 14. Ng3 Rae8 15.
Bc3 Bf4 16. Rc2 Ng4 17. b4 a6 18. a4 Qd6 19. Re2 e5 20. b5 axb5 21. axb5 Nxd4
22. Nxd4 exd4 23. Rxe8 Rxe8 24. Bxd4 Be5 25. Bxe5 Qxe5 26. h3 Nf6 27. Qa1 d4 28.
Qa7 Bxb5 29. Qxb7 Bxd3 30. Qb3+ Nd5 31. Qxd3 Nc3 32. Ra1 Rf8 33. Qc4+ Kh8 34.
Qd3 h6 35. Rc1 Qf4 36. Rc2 Re8 37. Ne2 Qb8 38. Ng3 Re1+ 39. Kh2 Qf4 40. Rd2 Ne4
41. Ra2 h5 42. Qf3 Qxf3 43. gxf3 Ng5 44. Nxh5 d3 45. Kg2 Ne6 46. Rd2 Re5 47. Ng3
Nf4+ 48. Kh2 Re1 1/2-1/2

[Event "Biel MTO 2013"]
[Site "Biel SUI"]
[Date "2013.07.26"]
[Round "5.15"]
[White "Wirig, Anthony"]
[Black "Masruri, Rahman"]
[Result "1/2-1/2"]
[WhiteTitle "GM"]
[WhiteElo "2496"]
[BlackElo "2174"]
[WhiteFideId "615013"]
[BlackFideId "7101163"]
[EventDate "2013.07.22"]

1. Nf3 Nf6 2. c4 e6 3. Nc3 Bb4 4. g4 Bxc3 5. bxc3 d5 6. g5 Nfd7 7. h4 Nc6 8.
cxd5 exd5 9. Ba3 Nb6 10. d3 Bg4 11. Qd2 Qd7 12. Qe3+ Qe6 13. Qxe6+ Bxe6 14. Kd2
O-O-O 15. e3 Rhe8 16. Rg1 Bf5 17. Be2 Ne5 18. Nxe5 Rxe5 19. Bc5 Ree8 20. Bd4 Rg8
21. f3 Nd7 22. e4 Be6 23. Kc2 c5 24. Bf2 f5 25. gxf6 gxf6 26. Rxg8 Rxg8 27. Rg1
Rxg1 28. Bxg1 f5 29. exf5 Bxf5 30. Kd2 Kd8 31. Ke3 Ke7 32. Bh2 Ke6 33. Bc7 b5
34. a3 1/2-1/2

[Event "Biel MTO 2013"]
[Site "Biel SUI"]
[Date "2013.07.26"]
[Round "5.16"]
[White "Medina, Warda Aulia"]
[Black "Donchenko, Alexander"]
[Result "1/2-1/2"]
[WhiteTitle "WIM"]
[BlackTitle "IM"]
[WhiteElo "2286"]
[BlackElo "2477"]
[WhiteFideId "7101570"]
[BlackFideId "24603295"]
[EventDate "2013.07.22"]

1. e4 c6 2. d4 d5 3. Nd2 dxe4 4. Nxe4 Bf5 5. Ng3 Bg6 6. Nf3 Nd7 7. h4 h6 8. h5
Bh7 9. Bd3 Bxd3 10. Qxd3 e6 11. Bf4 Qa5+ 12. Bd2 Bb4 13. Ne4 Ngf6 14. Nd6+ Ke7
15. Nc4 Bxd2+ 16. Nfxd2 Qc7 17. O-O-O Rhd8 18. f4 Kf8 19. Ne5 c5 20. Qa3 Kg8 21.
Ndf3 Nd5 22. g3 cxd4 23. Rxd4 Nxe5 24. Nxe5 Rac8 25. Rh2 b5 26. Rhd2 b4 27. Qd3
Qa5 28. Kb1 Rc7 29. Nc4 Qc5 30. Ne5 Rb8 31. Kc1 Qa5 32. Qb3 Qa6 33. R4d3 Qb6 34.
f5 Rbc8 35. Nf3 Rc4 36. Rd4 Rxd4 37. Rxd4 Qd6 38. g4 Qg3 39. a4 Nf4 40. Rxb4
Qxg4 41. fxe6 Qxe6 42. Qxe6 Nxe6 43. Ne5 Rc5 44. Rb5 f6 45. Nd3 Rc7 46. Rd5 Kf7
47. b4 g5 48. Kd2 g4 49. Ke3 Rxc2 50. Rd7+ Ke8 51. Rxa7 g3 52. Ne1 g2 53. Nxg2
Rxg2 54. b5 Rg4 55. b6 Rb4 56. a5 Nd8 57. Ra8 Kd7 58. Rb8 Ra4 59. b7 Nc6 1/2-1/2

[Event "Biel MTO 2013"]
[Site "Biel SUI"]
[Date "2013.07.26"]
[Round "5.17"]
[White "Nuri, Kambez"]
[Black "Burnier, David"]
[Result "1/2-1/2"]
[WhiteTitle "FM"]
[BlackTitle "FM"]
[WhiteElo "2244"]
[BlackElo "2347"]
[WhiteFideId "1311433"]
[BlackFideId "1307940"]
[EventDate "2013.07.22"]

1. e4 e5 2. Nf3 Nc6 3. Nc3 Nf6 4. g3 d6 5. h3 g6 6. d4 exd4 7. Nxd4 Bg7 8. Be3
O-O 9. Bg2 Re8 10. O-O Bd7 11. Nde2 Qc8 12. g4 h5 13. g5 Nh7 14. Kh2 b5 15. a3
Rb8 16. f4 a5 17. Qd2 b4 18. axb4 axb4 19. Nd5 Bxb2 20. Rad1 Bg7 21. f5 Ne5 22.
f6 Bf8 23. Nef4 c6 24. Ne7+ Bxe7 25. fxe7 Nc4 26. Qd4 Nxe3 27. Qxe3 Qc7 28. Qb3
Nxg5 29. Qg3 Rb5 30. Nxg6 fxg6 31. Rxd6 Be6 32. Rf6 Qxe7 33. e5 Bf7 34. Qxg5
Qxe5+ 35. Qxe5 Rbxe5 36. Rxc6 R5e6 37. Rcxe6 Rxe6 38. Rf4 Re2 39. Kg1 Rxc2 40.
Rxb4 Kg7 41. h4 Kf6 42. Rf4+ Ke7 43. Re4+ Kd6 44. Rf4 Rc7 45. Kh2 Ke5 46. Kg3
Be6 47. Re4+ Kf6 48. Re3 Bf5 49. Ra3 Rc4 50. Bh3 Ke5 51. Ra5+ Ke4 52. Bg2+ Ke3
53. Re5+ Kd2 54. Rd5+ Kc3 55. Bf3 Bd3 56. Rd6 Rb4 57. Rc6+ Kd2 58. Rd6 Ke3 1/2-1/2

[Event "Biel MTO 2013"]
[Site "Biel SUI"]
[Date "2013.07.26"]
[Round "5.18"]
[White "Cebalo, Miso"]
[Black "Muhammad, Luthfi Ali"]
[Result "1/2-1/2"]
[WhiteTitle "GM"]
[BlackTitle "CM"]
[WhiteElo "2438"]
[BlackElo "2279"]
[WhiteFideId "14500094"]
[BlackFideId "7103743"]
[EventDate "2013.07.22"]

1. c4 Nf6 2. Nc3 g6 3. e4 c5 4. Nge2 Nc6 5. d4 cxd4 6. Nxd4 Nxd4 7. Qxd4 d6 8.
Be2 Bg7 9. Be3 O-O 10. Qd2 Be6 11. Rc1 Qa5 12. b3 Rfc8 13. f3 h6 14. Nd5 Qxd2+
15. Kxd2 Bxd5 16. cxd5 Nd7 17. b4 Kf8 18. h4 Bb2 19. Rc2 Rxc2+ 20. Kxc2 Bf6 21.
Bf2 Rc8+ 22. Kb1 Rc3 23. Rc1 Rxc1+ 24. Kxc1 Bc3 25. a3 a5 26. bxa5 Bxa5 27. Kc2
Bb6 28. Bxb6 Nxb6 29. Bb5 Na8 30. Kc3 Nc7 31. Kb4 b6 32. g4 h5 33. a4 1/2-1/2

[Event "Biel MTO 2013"]
[Site "Biel SUI"]
[Date "2013.07.26"]
[Round "5.20"]
[White "Zuse, Klaus-Peter"]
[Black "Lampert, Jonas"]
[Result "1/2-1/2"]
[WhiteTitle "FM"]
[WhiteElo "2263"]
[BlackElo "2373"]
[WhiteFideId "4605306"]
[BlackFideId "1303759"]
[EventDate "2013.07.22"]

1. e4 e5 2. Bc4 Nc6 3. c3 Nf6 4. d3 Na5 5. Bb5 c6 6. Ba4 d5 7. Nf3 dxe4 8. dxe4
Qxd1+ 9. Bxd1 Nxe4 10. Nxe5 Bd6 11. Nf3 O-O 12. O-O Nc4 13. Nbd2 Nexd2 14. Nxd2
Ne5 15. Ne4 Bc7 16. Bc2 b6 17. f4 Nc4 18. b3 Nd6 19. Ba3 c5 20. Nxd6 Bxd6 21.
Be4 Ba6 22. Bxa8 Bxf1 23. Kxf1 Rxa8 24. g3 Be7 25. Rd1 Bf6 26. c4 Bd4 27. Rd2 f5
28. Bb2 Bxb2 1/2-1/2

[Event "Biel MTO 2013"]
[Site "Biel SUI"]
[Date "2013.07.27"]
[Round "6.1"]
[White "Harikrishna, Pentala"]
[Black "Salem, A.R. Saleh"]
[Result "1-0"]
[WhiteTitle "GM"]
[BlackTitle "GM"]
[WhiteElo "2680"]
[BlackElo "2531"]
[WhiteFideId "5007003"]
[BlackFideId "9301348"]
[EventDate "2013.07.22"]

1. Nf3 c5 2. b3 d5 3. e3 Nf6 4. Bb2 e6 5. g3 Nc6 6. Bg2 Bd6 7. d4 cxd4 8. Nxd4
e5 9. Nxc6 bxc6 10. O-O Bg4 11. Qd3 Nd7 12. c4 e4 13. Qd2 Ne5 14. cxd5 Nf3+ 15.
Bxf3 Bxf3 16. dxc6 Qe7 17. Qd4 f6 18. Qc4 Qf7 19. Nd2 Qxc4 20. Nxc4 Bc7 21. Rfc1
Be2 22. Nd2 Bd3 23. f3 Bb6 24. Kf2 O-O-O 25. fxe4 Rhe8 26. b4 Bb5 27. Nf3 Rxe4
28. Bd4 Ba4 29. Bxb6 axb6 30. Nd4 Kc7 31. Rab1 Re5 32. b5 Rdd5 33. Rb4 Bxb5 34.
e4 Rxd4 35. Rxd4 Bxc6 36. Rdc4 Re6 37. g4 b5 38. Rd4 Kb6 39. Ke3 Kb7 40. Rb4 Ka6
41. h4 Ka5 42. Rd4 Kb6 43. Kf4 Kb7 44. Rb4 Ka6 45. g5 Ka5 46. Rd4 Kb6 47. Rc3
Re5 48. Rb4 h6 49. gxf6 gxf6 50. a4 Rh5 51. axb5 Bd7 52. Kg3 Re5 53. Rd4 Be6 54.
Kf4 Kxb5 55. Rd6 h5 56. Rc7 1-0

[Event "Biel MTO 2013"]
[Site "Biel SUI"]
[Date "2013.07.27"]
[Round "6.2"]
[White "Grachev, Boris"]
[Black "Solak, Dragan"]
[Result "1/2-1/2"]
[WhiteTitle "GM"]
[BlackTitle "GM"]
[WhiteElo "2683"]
[BlackElo "2598"]
[WhiteFideId "4129199"]
[BlackFideId "916811"]
[EventDate "2013.07.22"]

1. d4 d5 2. c4 c6 3. e3 Bf5 4. Nc3 e6 5. Nf3 Nd7 6. Bd3 Bg6 7. e4 dxe4 8. Nxe4
Bb4+ 9. Nc3 Qa5 10. Bxg6 hxg6 11. Bd2 Ne7 12. O-O Rd8 13. Re1 Nf6 14. Qb3 O-O
15. Re5 c5 16. a3 Bxc3 17. Bxc3 Qb6 18. Qxb6 axb6 19. d5 Ne8 20. dxe6 f6 21. Re2
Nc7 22. Rae1 Rfe8 23. g4 Rd3 24. Nh4 g5 25. Nf5 Nxf5 26. gxf5 Rf3 27. Rd2 Rxf5
28. Rd6 Rf4 29. Rxb6 Rxc4 30. Rxb7 Nxe6 31. Re3 Ra4 32. Rd3 Nf4 33. Rdd7 Ne2+
34. Kf1 Nxc3 35. Rxg7+ Kh8 36. Rh7+ Kg8 37. Rbg7+ Kf8 38. Rc7 Kg8 39. bxc3 Rxa3
40. Rhg7+ Kh8 41. Rgf7 Rxc3 42. Rxf6 Rh3 43. Kg2 Rh5 44. Rf5 Rg8 45. Rcxc5 Kh7
46. Rfd5 Rg7 47. Kg3 Kg6 48. Ra5 Rf7 49. Rdb5 Rg7 50. Rb8 Kh7 51. Rb4 Rh6 52.
Rbb5 Rh5 53. Ra6 Rf7 54. Ra8 Rg7 55. f3 Rh6 56. Raa5 Rh5 57. Kg2 Kh6 58. Ra6+
Kh7 59. Ra4 Rh6 60. Rg4 Rhg6 61. Kf2 Rh6 62. Kg2 Rhg6 63. Rg3 Kg8 64. Kf2 Rh6
65. Kg1 Rhg6 66. Kg2 Kh7 67. Re5 Kg8 68. Kf1 Kh7 69. Kf2 Rh6 70. Rg2 Rhg6 71.
Ke3 Rh6 72. Kf2 Rh3 73. Rf5 Kh6 74. Rf8 Kh7 75. Kg1 Rh4 76. Rg3 Rh6 77. Kg2 Rb6
78. Rh3+ Kg6 79. Rfh8 Kf7 80. Kg3 Rb4 81. R3h5 Rb6 82. R5h6 Rb3 83. h3 Rb7 84.
Rc6 Rd7 85. Rhh6 Rb7 86. Rcf6+ Kg8 87. Rf5 Rbf7 88. Re5 Re7 89. Rxe7 Rxe7 90.
Kg4 Kg7 91. Rh5 Re1 92. Rxg5+ Kf6 93. h4 Rg1+ 94. Kh5 Rf1 95. Rg8 Kf7 96. Rg3
Rh1 97. Kg5 Kg7 98. Rg4 Ra1 99. Rf4 Ra5+ 100. Rf5 Ra1 101. Rb5 Rg1+ 102. Kh5 Rf1
103. Rg5+ Kf6 104. Rg8 Kf7 105. Rg3 Rh1 106. Rg4 Ra1 107. Kh6 Ra6+ 108. Kg5 Ra5+
109. Kf4 Kf6 110. Kg3 Rb5 111. Rg8 Rb1 112. Ra8 Kg6 113. Ra6+ Kf5 114. Ra5+ Kg6
115. Kg4 Rg1+ 116. Kf4 Rb1 117. Ra6+ Kh5 118. Ra8 Rb4+ 119. Kg3 Kg6 120. Rg8+
Kf5 121. h5 Rb1 122. Rg4 Rh1 123. Rh4 Rg1+ 124. Kf2 Rg7 125. h6 Rh7 126. Kg3 Kg6
127. Kg4 Kf7 128. Kg5 Kg8 129. f4 Ra7 130. h7+ Kh8 131. f5 Ra6 132. Rh1 Rb6 133.
Rh5 Ra6 134. Kf4 Rb6 135. Ke5 Ra6 136. Rh1 Rb6 137. Rh2 Ra6 138. Rh3 Rb6 139.
Rd3 Kxh7 140. Rd6 Rb1 141. Ke6 Rb8 142. Kf7 Ra8 143. Re6 Rb8 144. Re8 Rb7+ 145.
Re7 Rb8 146. Ra7 Kh6 147. f6 Kh7 148. Rd7 Ra8 149. Re7 Kh6 150. Re1 Ra7+ 151.
Ke6 Kg6 152. Rg1+ Kh7 153. Rd1 Kg6 154. Rg1+ Kh7 155. Rf1 Ra6+ 1/2-1/2

[Event "Biel MTO 2013"]
[Site "Biel SUI"]
[Date "2013.07.27"]
[Round "6.3"]
[White "Zhao, Xue"]
[Black "Gharamian, Tigran"]
[Result "1/2-1/2"]
[WhiteTitle "GM"]
[BlackTitle "GM"]
[WhiteElo "2553"]
[BlackElo "2655"]
[WhiteFideId "8601283"]
[BlackFideId "13301527"]
[EventDate "2013.07.22"]

1. d4 Nf6 2. c4 e6 3. Nf3 Bb4+ 4. Nbd2 O-O 5. a3 Be7 6. e3 c5 7. Bd3 d5 8. b3
cxd4 9. exd4 b6 10. O-O Bb7 11. Qe2 Nbd7 1/2-1/2

[Event "Biel MTO 2013"]
[Site "Biel SUI"]
[Date "2013.07.27"]
[Round "6.4"]
[White "Smeets, Jan"]
[Black "Bartel, Mateusz"]
[Result "0-1"]
[WhiteTitle "GM"]
[BlackTitle "GM"]
[WhiteElo "2643"]
[BlackElo "2619"]
[WhiteFideId "1007246"]
[BlackFideId "1112635"]
[EventDate "2013.07.22"]

1. c4 b6 2. d4 Bb7 3. Nc3 e6 4. a3 Nf6 5. d5 d6 6. e4 Be7 7. Nf3 O-O 8. Be2 Nbd7
9. O-O a5 10. Be3 Ng4 11. Bd2 Bf6 12. Ne1 Nge5 13. Rc1 Ng6 14. b4 axb4 15. axb4
c5 16. dxc6 Bxc6 17. Be3 Ra3 18. Qxd6 Rxc3 19. Qxc6 Nde5 20. Qb5 Rxe3 21. fxe3
Qd2 22. Rc2 Qxe3+ 23. Kh1 Nf4 24. c5 bxc5 25. bxc5 Qxe4 26. Bf3 Nxf3 27. gxf3
Qf5 28. Qc4 Nd5 29. Ng2 g6 30. Qe4 Rc8 31. Rc4 Qg5 32. f4 Qh5 33. c6 Kg7 34.
Rfc1 Qh3 35. c7 Qa3 36. Qb1 Qa7 37. Qb5 h5 38. Rc5 h4 39. Qd3 Qb6 40. f5 gxf5
41. Rxd5 exd5 42. Ne3 Rxc7 43. Nxf5+ Kh8 44. Re1 Qc6 45. Qd1 d4+ 46. Kg1 d3 47.
Qxd3 Rc8 48. Kf2 Rg8 49. Qe4 Qc7 50. Rh1 Qc3 51. Re1 Qc7 52. Rh1 Qc3 53. Ne3 Rg6
54. Qe8+ Kg7 55. Nf5+ Kh7 56. Qxf7+ Bg7 57. Re1 Qd2+ 0-1

[Event "Biel MTO 2013"]
[Site "Biel SUI"]
[Date "2013.07.27"]
[Round "6.5"]
[White "Cvitan, Ognjen"]
[Black "Bu, Xiangzhi"]
[Result "1/2-1/2"]
[WhiteTitle "GM"]
[BlackTitle "GM"]
[WhiteElo "2562"]
[BlackElo "2664"]
[WhiteFideId "14500086"]
[BlackFideId "8601445"]
[EventDate "2013.07.22"]

1. d4 Nf6 2. c4 c5 3. d5 e5 4. Nc3 d6 5. e4 Be7 6. Nf3 Nbd7 7. Be2 O-O 8. O-O
Ne8 9. Ne1 Bg5 10. Nd3 g6 11. a3 Ng7 12. b4 Bxc1 13. Qxc1 b6 14. f4 Ba6 15. b5
Bc8 16. Qe3 exf4 17. Qxf4 Qe7 18. Bg4 1/2-1/2

[Event "Biel MTO 2013"]
[Site "Biel SUI"]
[Date "2013.07.27"]
[Round "6.6"]
[White "Kurnosov, Igor"]
[Black "Malakhatko, Vadim"]
[Result "1-0"]
[WhiteTitle "GM"]
[BlackTitle "GM"]
[WhiteElo "2657"]
[BlackElo "2529"]
[WhiteFideId "4142527"]
[BlackFideId "14104202"]
[EventDate "2013.07.22"]

1. e4 e5 2. Nf3 Nf6 3. d4 Nxe4 4. dxe5 d5 5. Nbd2 Nc5 6. Nb3 Ne6 7. Nbd4 Nxd4 8.
Nxd4 c5 9. Bb5+ Nd7 10. e6 cxd4 11. exf7+ Kxf7 12. Qh5+ Ke7 13. O-O Nf6 14. Re1+
Kd6 15. Qe5+ Kc5 16. c4 Kb6 17. b4 Bxb4 18. Rb1 Qd6 19. Rxb4 Qxb4 20. Qxd4+ Qc5
21. Qb2 Ng4 22. Ba4+ Ka6 23. Bb5+ Kb6 24. Bd7+ Ka6 25. Re6+ 1-0

[Event "Biel MTO 2013"]
[Site "Biel SUI"]
[Date "2013.07.27"]
[Round "6.8"]
[White "Ganguly, Surya Shekhar"]
[Black "Adianto, Utut"]
[Result "1-0"]
[WhiteTitle "GM"]
[BlackTitle "GM"]
[WhiteElo "2628"]
[BlackElo "2548"]
[WhiteFideId "5002150"]
[BlackFideId "7100019"]
[EventDate "2013.07.22"]

1. d4 Nf6 2. c4 e6 3. g3 c5 4. d5 exd5 5. cxd5 d6 6. Nc3 g6 7. Bg2 Bg7 8. Nf3
O-O 9. O-O a6 10. a4 Re8 11. Bf4 Qe7 12. Re1 Nbd7 13. h3 Nh5 14. Bg5 Qf8 15. e4
Rb8 16. Qc2 b5 17. axb5 axb5 18. Ra7 b4 19. Na4 b3 20. Qb1 Ne5 21. Nxe5 Bxe5 22.
Qc1 Bg7 23. g4 Nf6 24. e5 dxe5 25. Be3 Rd8 26. Bxc5 Qe8 27. Bb6 Rd7 28. Bc7 Rb5
29. Nb6 Rxb6 30. Bxb6 Bb7 31. Bd4 Bxd5 32. Rxd7 Qxd7 33. Bxe5 Bxg2 34. Kxg2 h5
35. Qf4 hxg4 36. hxg4 Nxg4 37. Bxg7 Kxg7 38. Qf3 f6 39. Rd1 Qe6 40. Qb7+ Kh6 41.
Qd5 Qc8 42. Qd2+ g5 43. Qd7 Qa8+ 44. Qd5 Qc8 45. Qd3 Qc6+ 46. Qf3 Qe6 47. Rd4 f5
48. Qd3 Qc6+ 49. f3 Ne5 50. Qxb3 Kh5 51. Qd5 Qc2+ 52. Rd2 Qc1 53. Re2 Ng6 54.
Qf7 Kh6 55. Qe6 Kh5 56. Qe8 Qd1 57. Kf2 Qd4+ 58. Ke1 Qg1+ 59. Kd2 Qd4+ 60. Kc1
Qc4+ 61. Kb1 Qd3+ 62. Ka2 Qa6+ 63. Kb3 Qd3+ 64. Ka4 Qc4+ 65. Ka5 Qd5+ 66. Kb6
Qd4+ 67. Kc6 Qc4+ 68. Kd6 Kh4 69. Qe3 Qa6+ 70. Kc5 Qa5+ 71. Kc4 Qa6+ 72. Kc3
Qc6+ 73. Kb3 Kh5 74. Re1 Qd5+ 75. Kc2 Qc6+ 76. Kb1 f4 77. Qd3 Qb7 78. Re8 Qa7
79. Re1 Nh4 80. Rc1 Qe7 81. Rc3 Qa7 82. Rc5 Qe7 83. Rd5 Qa7 84. Rd7 Qg1+ 85. Ka2 1-0

[Event "Biel MTO 2013"]
[Site "Biel SUI"]
[Date "2013.07.27"]
[Round "6.9"]
[White "Huang, Qian"]
[Black "Sandipan, Chanda"]
[Result "1/2-1/2"]
[WhiteTitle "WGM"]
[BlackTitle "GM"]
[WhiteElo "2487"]
[BlackElo "2623"]
[WhiteFideId "8602689"]
[BlackFideId "5004225"]
[EventDate "2013.07.22"]

1. c4 f5 2. g3 Nf6 3. Bg2 g6 4. d4 Bg7 5. Nc3 d6 6. Nf3 O-O 7. O-O e6 8. Re1 Ne4
9. Qd3 Nxc3 10. bxc3 e5 11. e4 Nc6 12. dxe5 dxe5 13. Qd5+ Kh8 14. Qxd8 Rxd8 15.
Ng5 Rd3 16. exf5 Bxf5 17. Nf7+ Kg8 18. Bd5 Ne7 19. Nxe5+ Nxd5 20. Nxd3 Bxc3 21.
cxd5 Bxa1 22. Bf4 Bf6 23. Nc5 c6 24. dxc6 bxc6 25. Kg2 Rd8 26. f3 g5 27. Be3 h6
28. g4 Bg6 29. h4 Re8 30. hxg5 Bc3 31. Re2 hxg5 32. Ne4 Bxe4 33. fxe4 Rxe4 34.
Kf3 Ra4 35. Bxg5 c5 36. Be3 c4 37. g5 Kf7 38. Ke4 Bg7 39. Rf2+ Kg6 40. Rc2 a6
41. Rg2 a5 42. Rc2 c3+ 43. Kd3 Rb4 44. Re2 a4 45. Bc1 Rb1 1/2-1/2

[Event "Biel MTO 2013"]
[Site "Biel SUI"]
[Date "2013.07.27"]
[Round "6.10"]
[White "Saric, Ante"]
[Black "Hausrath, Daniel"]
[Result "0-1"]
[WhiteTitle "GM"]
[BlackTitle "IM"]
[WhiteElo "2565"]
[BlackElo "2516"]
[WhiteFideId "14506254"]
[BlackFideId "4617495"]
[EventDate "2013.07.22"]

1. d4 Nf6 2. c4 g6 3. Nc3 Bg7 4. e4 d6 5. Nf3 O-O 6. Be2 c5 7. O-O cxd4 8. Nxd4
Nc6 9. Be3 Bd7 10. Nc2 Be6 11. f4 Qc8 12. Qd2 Ng4 13. Bxg4 Bxg4 14. f5 gxf5 15.
Bh6 f4 16. Bxg7 Kxg7 17. Rxf4 Kh8 18. Nd5 Be6 19. Nce3 Rg8 20. Raf1 Rg7 21. Rh4
f6 22. b3 Ne5 23. Rf2 Qc5 24. Nf4 Bd7 25. h3 Rag8 26. Kh2 Rg5 27. Ned5 R8g7 28.
Rh5 Nf7 29. Rf1 Re5 30. Rxe5 Nxe5 31. Nh5 Rf7 32. Qh6 Ng6 33. Nhf4 Nxf4 34. Rxf4
Qd4 35. Nxe7 Rg7 36. Nf5 Bxf5 37. Rxf5 Qb2 38. Qxg7+ Kxg7 39. Rb5 b6 40. a4 Qc2
41. a5 bxa5 42. Rxa5 Qxb3 43. Rxa7+ Kg6 44. Ra6 Qd3 0-1

[Event "Biel MTO 2013"]
[Site "Biel SUI"]
[Date "2013.07.27"]
[Round "6.11"]
[White "Megaranto, Susanto"]
[Black "Botta, Gabriele"]
[Result "1/2-1/2"]
[WhiteTitle "GM"]
[BlackTitle "FM"]
[WhiteElo "2524"]
[BlackElo "2319"]
[WhiteFideId "7101384"]
[BlackFideId "1312120"]
[EventDate "2013.07.22"]

1. d4 d5 2. Nf3 Nf6 3. c4 c6 4. e3 Bf5 5. Nc3 e6 6. Nh4 Be4 7. f3 Bg6 8. g3 Nbd7
9. Bd2 Be7 10. Nxg6 hxg6 11. Qb3 Qc7 12. Rc1 a6 13. f4 dxc4 14. Qxc4 b5 15. Qe2
c5 16. Bg2 Rd8 17. O-O Qa7 18. Rfd1 O-O 19. d5 exd5 20. Nxd5 Nxd5 21. Bxd5 Nf6
22. Bf3 c4 23. Kg2 Bc5 24. e4 Rd3 25. e5 Nd5 26. Bxd5 Rxd5 27. Ba5 Rxd1 28. Rxd1
Re8 29. Qe4 g5 30. fxg5 Qe7 31. Rd5 Bb4 32. Bxb4 Qxb4 33. g6 Qxb2+ 34. Kh3 Qf2
35. Rd7 Rf8 36. gxf7+ Rxf7 37. e6 Qf5+ 1/2-1/2